[Event "Olomouc 2008 - IM - C"]
[Site "?"]
[Date "2008.07.30"]
[Round "1.1"]
[White "Klecker, Tadeas"]
[Black "Pochinkov, Andrey"]
[Result "1/2-1/2"]
[WhiteElo "2162"]
[BlackElo "2167"]
[PlyCount "204"]
[EventDate "2008.07.30"]

1. d4 Nf6 2. Nf3 e6 3. c4 Bb4+ 4. Bd2 Qe7 5. e3 O-O 6. Bd3 a5 7. Nc3 d6 8. a3
Bxc3 9. Bxc3 Nbd7 10. Qc2 e5 11. Ng5 h6 12. Nh7 e4 13. Nxf6+ Nxf6 14. Be2 Bg4
15. Bxg4 Nxg4 16. h3 Nf6 17. d5 Nd7 18. O-O Nc5 19. b4 axb4 20. axb4 Nd3 21.
Bd4 Qg5 22. Qc3 f5 23. Rxa8 Rxa8 24. c5 f4 25. cxd6 cxd6 26. Qc7 f3 27. g3 Ra2
28. Qxd6 Kh7 29. b5 Rc2 30. b6 h5 31. g4 hxg4 32. Qg3 Nc1 33. Qxg4 Qxg4+ 34.
hxg4 Ne2+ 35. Kh2 Nxd4 36. exd4 Rd2 37. Kg3 g5 38. Rc1 Rxd4 39. Rc7+ Kg6 40.
Rxb7 Rxd5 41. Rb8 Rb5 42. b7 Kg7 43. Re8 Rxb7 44. Rxe4 Kf6 45. Re3 Rb4 46.
Rxf3+ Kg6 47. Rc3 Rb6 48. Rc2 Ra6 49. f3 Rb6 50. Kf2 Rb3 51. Ke2 Kf6 52. Rc6+
Kf7 53. Rd6 Ra3 54. Rd3 Ra4 55. Ke3 Ke6 56. Rb3 Ra5 57. Rb4 Ke5 58. Re4+ Kf6
59. Rb4 Ra6 60. Rb5 Ra4 61. Rb6+ Kf7 62. Rd6 Rb4 63. Rd4 Rb6 64. Ke4 Ke6 65.
Ra4 Rd6 66. Ra5 Kf6 67. Rf5+ Kg6 68. Rd5 Re6+ 69. Kd3 Rf6 70. Ke4 Re6+ 71. Re5
Ra6 72. Rc5 Re6+ 73. Re5 Ra6 74. Ke3 Ra4 75. Re6+ Kf7 76. Re4 Ra3+ 77. Kf2 Kf6
78. Re3 Ra2+ 79. Kg3 Rb2 80. f4 gxf4+ 81. Kxf4 Rf2+ 82. Kg3 Ra2 83. Rb3 Kg5 84.
Rb5+ Kg6 85. Rb3 Kg5 86. Rf3 Ra1 87. Rf5+ Kg6 88. Rf2 Kg5 89. Rf5+ Kg6 90. Rb5
Rg1+ 91. Kf3 Rf1+ 92. Kg2 Ra1 93. Re5 Rb1 94. Rf5 Ra1 95. Rb5 Rc1 96. Rb3 Kg5
97. Rg3 Rc2+ 98. Kf3 Rc3+ 99. Kg2 Rc2+ 100. Kh3 Rc1 101. Ra3 Rh1+ 102. Kg2 Rb1
1/2-1/2

[Event "Olomouc 2008 - IM - C"]
[Site "?"]
[Date "2008.07.30"]
[Round "1.3"]
[White "Shilov, Sergej"]
[Black "Beil, Martin"]
[Result "1/2-1/2"]
[WhiteElo "2255"]
[BlackElo "2208"]
[PlyCount "109"]
[EventDate "2008.07.30"]

1. e4 c5 2. c3 Nf6 3. e5 Nd5 4. d4 cxd4 5. Nf3 Nc6 6. cxd4 d6 7. a3 Bg4 8. Qb3
Bxf3 9. gxf3 Nb6 10. Bb5 e6 11. exd6 Qf6 12. d7+ Nxd7 13. Bxc6 bxc6 14. Qb7 Rb8
15. Qxc6 Qxd4 16. Nc3 Qb6 17. Qa4 Bc5 18. O-O Rb7 19. Ne4 O-O 20. Rd1 Ne5 21.
Kg2 f5 22. Nxc5 Qxc5 23. Qd4 Rc8 24. Qxc5 Rxc5 25. Be3 Rc2 26. Bd4 Ng6 27. Rac1
Rxc1 28. Rxc1 e5 29. Rc8+ Kf7 30. Bc3 Rd7 31. Kf1 Nf4 32. Ke1 h5 33. b4 Ng2+
34. Ke2 Nf4+ 35. Ke1 h4 36. Bd2 Ne6 37. Be3 Nd4 38. Bxd4 exd4 39. Kd2 Ke6 40.
Kd3 Ke5 41. Rc4 Kf4 42. Rxd4+ Rxd4+ 43. Kxd4 Kxf3 44. b5 Kg2 45. a4 Kxh2 46. a5
Kg1 47. b6 axb6 48. axb6 h3 49. b7 h2 50. b8=Q h1=Q 51. Qb1+ Kg2 52. Qxf5 Qh4+
53. Qe4+ Qxe4+ 54. Kxe4 Kxf2 55. Kf5 1/2-1/2

[Event "Olomouc 2008 - IM - C"]
[Site "?"]
[Date "2008.07.30"]
[Round "1.4"]
[White "Biolek, Richard Jr"]
[Black "Skinke, Katrina"]
[Result "1-0"]
[WhiteElo "2354"]
[BlackElo "2197"]
[PlyCount "79"]
[EventDate "2008.07.30"]

1. e4 d6 2. d4 Nf6 3. Nc3 g6 4. g3 Bg7 5. Bg2 O-O 6. Nge2 Na6 7. O-O c5 8. d5
Nc7 9. a4 Rb8 10. h3 b6 11. f4 Nd7 12. Nb5 Rb7 13. e5 Nxb5 14. axb5 Rc7 15.
exd6 exd6 16. Nc3 Nb8 17. Ne4 Re8 18. g4 Rce7 19. Ng3 Bd4+ 20. Kh2 Be3 21. Ra3
a5 22. f5 Re5 23. fxg6 fxg6 24. Bxe3 Rxe3 25. Rxe3 Rxe3 26. Ne4 Qe7 27. Re1
Qe5+ 28. Kh1 Rxe1+ 29. Qxe1 g5 30. Qg3 h6 31. Qxe5 dxe5 32. c4 Kf8 33. Nc3 Nd7
34. d6 Kf7 35. Bd5+ Kf6 36. Na4 e4 37. Bc6 e3 38. Kg1 Ke5 39. Bxd7 Bxd7 40.
Nxb6 1-0

[Event "Olomouc 2008 - IM - C"]
[Site "?"]
[Date "2008.07.30"]
[Round "1.6"]
[White "Rosko, Lubos"]
[Black "Jurcik, Martin"]
[Result "1/2-1/2"]
[WhiteElo "2387"]
[BlackElo "2352"]
[PlyCount "75"]
[EventDate "2008.07.30"]

1. d4 Nf6 2. c4 e6 3. Nf3 b6 4. a3 Bb7 5. Nc3 Ne4 6. Bd2 c5 7. d5 exd5 8. cxd5
Nxd2 9. Qxd2 d6 10. e4 a6 11. Rd1 Nd7 12. a4 Be7 13. Qf4 Nf8 14. Qg3 Ng6 15. h4
Bf6 16. h5 Ne5 17. Nh4 Bc8 18. Be2 g6 19. f4 Nd7 20. Nf3 Qe7 21. e5 dxe5 22. d6
exf4 23. Qxf4 g5 24. dxe7 gxf4 25. Nd5 Bb7 26. Nc7+ Kxe7 27. Nxa8 Rxa8 28. Kf2
Ne5 29. Nxe5 Bxe5 30. Bf3 Bxf3 31. Kxf3 Rg8 32. Rh3 h6 33. b3 Ke6 34. Rd3 b5
35. axb5 axb5 36. Rd2 c4 37. bxc4 bxc4 38. Re2 1/2-1/2

[Event "Olomouc 2008 - IM - C"]
[Site "?"]
[Date "2008.07.31"]
[Round "2.1"]
[White "Pochinkov, Andrey"]
[Black "Jurcik, Martin"]
[Result "1/2-1/2"]
[WhiteElo "2167"]
[BlackElo "2352"]
[PlyCount "180"]
[EventDate "2008.07.30"]

1. Nf3 Nf6 2. b3 g6 3. Bb2 Bg7 4. g3 O-O 5. Bg2 d5 6. c4 e6 7. d4 b6 8. O-O Bb7
9. Nbd2 Ne4 10. e3 f5 11. Ne1 c5 12. Ndf3 dxc4 13. bxc4 Nc6 14. Qe2 Na5 15. Rc1
Rc8 16. Nd3 cxd4 17. Bxd4 Bxd4 18. Nxd4 Qf6 19. f3 Nd6 20. c5 Ndc4 21. cxb6
axb6 22. Rfe1 Rfd8 23. Nb3 Ba6 24. Nb4 Bb5 25. Nd4 Ba4 26. f4 Kg7 27. Bf3 e5
28. fxe5 Qxe5 29. Nd3 Qf6 30. Nf4 Re8 31. Qf2 Ne5 32. Bd5 Bd7 33. h3 Kh8 34.
Bg2 Nac4 35. Rcd1 Ba4 36. Rb1 Rcd8 37. Rb4 Bd7 38. Bf1 Qf7 39. Bg2 Rc8 40. Bd5
Qf8 41. Rb3 Qd6 42. Bg2 Ba4 43. Rc3 b5 44. Bf1 Rcd8 45. Rec1 Rc8 46. Nf3 Nxf3+
47. Qxf3 Nd2 48. Qd5 Qxd5 49. Nxd5 Rcd8 50. Bg2 Nc4 51. Kf2 Re5 52. Rd3 Kg7 53.
Rd4 Nxe3 54. Rc7+ Kf8 55. Rxh7 Rdxd5 56. Bxd5 Nxd5 57. Rd7 Nf6 58. Ra7 Re8 59.
Ra6 Kf7 60. Kf3 Ne4 61. Kf4 Re6 62. Ra7+ Kf6 63. h4 Nd6 64. Ra6 Nf7 65. Ra7 Bc2
66. Rb7 Nd6 67. Rb6 Ke7 68. Rd2 Be4 69. g4 Nc4 70. Rxe6+ Kxe6 71. gxf5+ gxf5
72. Rh2 Ne5 73. h5 Nd3+ 74. Ke3 Ke5 75. h6 f4+ 76. Kd2 Bh7 77. Rh5+ Kf6 78.
Rxb5 Be4 79. Rh5 Bh7 80. Rh3 Ne5 81. a4 Kg5 82. Ke2 Ng4 83. Kf3 Nf6 84. a5 Be4+
85. Ke2 Kg4 86. Ra3 f3+ 87. Ke3 Kg3 88. Ra2 Bd5 89. Rd2 Bb7 90. h7 Nxh7 1/2-1/2

[Event "Olomouc 2008 - IM - C"]
[Site "?"]
[Date "2008.07.31"]
[Round "2.2"]
[White "Stets, Dmitry"]
[Black "Rosko, Lubos"]
[Result "1-0"]
[WhiteElo "2420"]
[BlackElo "2387"]
[PlyCount "49"]
[EventDate "2008.07.30"]

1. e4 c5 2. Nf3 d6 3. d4 cxd4 4. Nxd4 Nf6 5. Nc3 a6 6. Be3 e5 7. Nb3 Be6 8. Qd2
Nbd7 9. O-O-O Rc8 10. f4 Be7 11. f5 Bc4 12. Kb1 b5 13. g4 Nxg4 14. Rg1 Nxe3 15.
Qxe3 g6 16. Qh3 O-O 17. Bxc4 bxc4 18. Nd2 Kg7 19. Nf1 Rb8 20. Ne3 Qb6 21. Nxc4
Qb4 22. fxg6 hxg6 23. Qxd7 Qxc4 24. Qxe7 Qxc3 25. Rxg6+ 1-0

[Event "Olomouc 2008 - IM - C"]
[Site "?"]
[Date "2008.07.31"]
[Round "2.3"]
[White "Skinke, Katrina"]
[Black "Biolek, Richard"]
[Result "0-1"]
[WhiteElo "2197"]
[BlackElo "2434"]
[PlyCount "104"]
[EventDate "2008.07.30"]

1. e4 e5 2. Nf3 Nc6 3. Bc4 Nf6 4. d3 Be7 5. Bb3 O-O 6. O-O h6 7. Re1 Re8 8.
Nbd2 Bf8 9. c3 Na5 10. Ba4 a6 11. d4 b5 12. dxe5 Ng4 13. Bc2 Nc6 14. Nb3 Ngxe5
15. Nxe5 Nxe5 16. f4 Nc4 17. Nd4 c5 18. Nf3 d6 19. Qd3 g6 20. a4 Bd7 21. b3 Na5
22. axb5 axb5 23. b4 c4 24. Qd1 Nb3 25. Rxa8 Qxa8 26. Nd4 Nxc1 27. Qxc1 Bg7 28.
Rd1 Qa2 29. Bb1 Qa1 30. h3 h5 31. Qd2 Qa3 32. Kh1 Qa8 33. f5 gxf5 34. exf5 Qd8
35. Qf2 Qg5 36. Nf3 Qf4 37. Qb6 Bxc3 38. Qb7 Re7 39. Qb8+ Kg7 40. Qd8 Bf6 41.
Qb6 Re2 42. Qxd6 Qxd6 43. Rxd6 Be8 44. Rd2 Rxd2 45. Nxd2 Bc3 46. Ne4 Bxb4 47.
f6+ Kf8 48. Ng3 Bd6 49. Nxh5 b4 50. Ng7 b3 51. Nf5 Bc5 52. Ng3 c3 0-1

[Event "Olomouc 2008 - IM - C"]
[Site "?"]
[Date "2008.07.31"]
[Round "2.4"]
[White "Beil, Martin"]
[Black "Biolek, Richard Jr"]
[Result "0-1"]
[WhiteElo "2208"]
[BlackElo "2354"]
[PlyCount "36"]
[EventDate "2008.07.30"]

1. e4 Nc6 2. d4 e5 3. d5 Nce7 4. Nf3 Ng6 5. g3 Bc5 6. Bg2 d6 7. O-O f5 8. c4 a5
9. Nc3 Nf6 10. Ng5 O-O 11. Bh3 Ne7 12. Qc2 h6 13. Ne6 Bxe6 14. dxe6 fxe4 15.
Nxe4 Nxe4 16. Qxe4 Qe8 17. Qxb7 Qh5 18. Qxc7 Ra7 0-1

[Event "Olomouc 2008 - IM - C"]
[Site "?"]
[Date "2008.07.31"]
[Round "2.5"]
[White "Semcesen, Daniel"]
[Black "Shilov, Sergej"]
[Result "1-0"]
[WhiteElo "2387"]
[BlackElo "2255"]
[PlyCount "71"]
[EventDate "2008.07.30"]

1. d4 Nf6 2. c4 c5 3. d5 e6 4. Nc3 exd5 5. cxd5 d6 6. e4 g6 7. Bd3 Bg7 8. h3
O-O 9. Nf3 Na6 10. O-O Nc7 11. Re1 Re8 12. Bf4 a6 13. Qd2 Ra7 14. a3 b5 15. b4
Rb7 16. Rac1 Na8 17. Bg5 c4 18. Bc2 Rbe7 19. Nd4 Bd7 20. Rcd1 Qc7 21. Qf4 Nh5
22. Qh4 Re5 23. f4 h6 24. fxe5 hxg5 25. exd6 Qxd6 26. Qxg5 Be5 27. Nce2 a5 28.
Nf3 Bg7 29. Qd2 c3 30. Qe3 axb4 31. axb4 Nb6 32. Qc5 Qb8 33. e5 Bxe5 34. Nxe5
Rxe5 35. Nxc3 Bxh3 36. Re3 1-0

[Event "Olomouc 2008 - IM - C"]
[Site "?"]
[Date "2008.07.31"]
[Round "2.6"]
[White "Klecker, Tadeas"]
[Black "Kireev, Aleksei"]
[Result "0-1"]
[WhiteElo "2162"]
[BlackElo "2387"]
[PlyCount "86"]
[EventDate "2008.07.30"]

1. d4 d6 2. e4 g6 3. Be3 e5 4. dxe5 dxe5 5. Qxd8+ Kxd8 6. Bc4 f6 7. Nc3 Nd7 8.
O-O-O Bh6 9. Bxh6 Nxh6 10. Nge2 c6 11. h3 Ke7 12. g3 b5 13. Bb3 a5 14. a4 b4
15. Nb1 Nc5 16. Nd2 Rd8 17. f4 Ba6 18. Rde1 Rd6 19. fxe5 fxe5 20. Ng1 Rf6 21.
Re3 Nxb3+ 22. cxb3 Rf2 23. Ngf3 Rd8 24. Nc4 Bxc4 25. bxc4 Nf7 26. b3 Kf6 27.
Rd1 Rxd1+ 28. Kxd1 Ng5 29. Nxg5 Kxg5 30. Rd3 Rh2 31. h4+ Kg4 32. c5 Rb2 33. Kc1
Rg2 34. Kd1 Rxg3 35. Rd7 Rxb3 36. Rxh7 Rc3 37. Rh6 b3 38. Rxg6+ Kxh4 39. Rg2
Rg3 40. Rh2+ Rh3 41. Rb2 Rh1+ 42. Kd2 Rh2+ 43. Kc3 Rxb2 0-1

[Event "Olomouc 2008 - IM - C"]
[Site "?"]
[Date "2008.08.01"]
[Round "3.1"]
[White "Kireev, Aleksei"]
[Black "Pochinkov, Andrey"]
[Result "0-1"]
[WhiteElo "2387"]
[BlackElo "2167"]
[PlyCount "118"]
[EventDate "2008.07.30"]

1. d4 Nf6 2. Bg5 Ne4 3. Bh4 g5 4. f3 gxh4 5. fxe4 c5 6. e3 Bh6 7. Kf2 cxd4 8.
exd4 e5 9. Nc3 Nc6 10. Qh5 Qf6+ 11. Nf3 Be3+ 12. Kxe3 exd4+ 13. Kd2 dxc3+ 14.
bxc3 Qf4+ 15. Kd1 d5 16. Qg5 Qxg5 17. Nxg5 h6 18. exd5 hxg5 19. dxc6 Bg4+ 20.
Kc1 bxc6 21. Rb1 O-O 22. Rb4 Be6 23. Bc4 a5 24. Ra4 Rfe8 25. Rd1 Bxc4 26. Rxc4
Re2 27. Rd2 Re1+ 28. Kb2 Rb8+ 29. Ka3 Re6 30. Rc5 f6 31. Rxa5 Kf7 32. Ra4 Re3
33. Rb4 Rxc3+ 34. Rb3 Ra8+ 35. Kb4 Rxb3+ 36. cxb3 Ke6 37. Kc5 Ra6 38. a4 g4 39.
Rd8 f5 40. Rh8 f4 41. Rxh4 Kf5 42. Rh8 f3 43. Rf8+ Ke4 44. gxf3+ gxf3 45. h4
Ra5+ 46. Kxc6 Rf5 47. Rd8 f2 48. Rd1 f1=Q 49. Rxf1 Rxf1 50. b4 Kd4 51. Kb5 Kd5
52. a5 Kd6 53. Kb6 Kd7 54. b5 Kc8 55. Ka7 Rf5 56. a6 Rxb5 57. h5 Rxh5 58. Ka8
Kc7 59. Ka7 Kc6 0-1

[Event "Olomouc 2008 - IM - C"]
[Site "?"]
[Date "2008.08.01"]
[Round "3.2"]
[White "Shilov, Sergej"]
[Black "Klecker, Tadeas"]
[Result "1-0"]
[WhiteElo "2255"]
[BlackElo "2162"]
[PlyCount "47"]
[EventDate "2008.07.30"]

1. e4 d6 2. d4 e5 3. Nf3 exd4 4. Nxd4 Nf6 5. Nc3 Be7 6. Bf4 O-O 7. Qd2 Nc6 8.
Be2 Re8 9. O-O-O Bf8 10. f3 d5 11. Ndb5 Bb4 12. exd5 Ne5 13. d6 cxd6 14. Nxd6
Re7 15. a3 Bxc3 16. Qxc3 Ng6 17. Ne4 Bd7 18. Nxf6+ gxf6 19. Bh6 Rc8 20. Qxf6
Rxc2+ 21. Kb1 Rxb2+ 22. Qxb2 Ne5 23. Bg5 Bf5+ 24. Ka1 1-0

[Event "Olomouc 2008 - IM - C"]
[Site "?"]
[Date "2008.08.01"]
[Round "3.3"]
[White "Biolek, Richard Jr"]
[Black "Semcesen, Daniel"]
[Result "1-0"]
[WhiteElo "2354"]
[BlackElo "2387"]
[PlyCount "95"]
[EventDate "2008.07.30"]

1. e4 e5 2. Nf3 Nf6 3. Nc3 Nc6 4. a3 d6 5. Be2 g6 6. d4 exd4 7. Nxd4 Bg7 8. Bg5
h6 9. Nxc6 bxc6 10. Be3 O-O 11. Qd2 Kh7 12. O-O-O Qe7 13. f3 Re8 14. h4 Nh5 15.
Bd3 Ng3 16. h5 g5 17. Rhe1 Be5 18. f4 gxf4 19. Bxf4 Bg4 20. Bxh6 Bxd1 21. Rxd1
Qe6 22. Be3 Qf6 23. Bg5 Qg7 24. h6 Qg6 25. Be3 Rg8 26. Qf2 a5 27. Kb1 Rab8 28.
Bd4 Rbe8 29. Re1 Nh5 30. Bxe5 Rxe5 31. Qa7 Qe6 32. Qxc7 Kxh6 33. Rf1 Rxg2 34.
Qxc6 Rc5 35. Qb7 Rg7 36. Qb8 Rc8 37. Qb6 Rg5 38. Nd5 Rc5 39. Qd8 Rg7 40. Rh1
Rc8 41. Rxh5+ Kxh5 42. Nf4+ Kg4 43. Nxe6 Rxd8 44. Nxg7 d5 45. exd5 Rxd5 46. b4
axb4 47. axb4 Rg5 48. Nf5 1-0

[Event "Olomouc 2008 - IM - C"]
[Site "?"]
[Date "2008.08.01"]
[Round "3.4"]
[White "Biolek, Richard"]
[Black "Beil, Martin"]
[Result "1-0"]
[WhiteElo "2434"]
[BlackElo "2208"]
[PlyCount "53"]
[EventDate "2008.07.30"]

1. e4 c5 2. Nf3 e6 3. b4 cxb4 4. d4 d5 5. e5 Bd7 6. Bd3 Qb6 7. O-O Nc6 8. Be3
Na5 9. a3 Rc8 10. Ng5 Bb5 11. axb4 Bxb4 12. Qh5 g6 13. Qf3 Rc7 14. Bxb5+ Qxb5
15. c3 Bf8 16. Nd2 h6 17. Rfb1 Qd7 18. Rxa5 b6 19. Rxb6 hxg5 20. Rb8+ Rc8 21.
Rxa7 Rxb8 22. Rxd7 Kxd7 23. Qxf7+ Ne7 24. Bxg5 Rc8 25. Nb3 Rxc3 26. Nc5+ Kc6
27. Qe8+ 1-0

[Event "Olomouc 2008 - IM - C"]
[Site "?"]
[Date "2008.08.01"]
[Round "3.6"]
[White "Jurcik, Martin"]
[Black "Stets, Dmitry"]
[Result "1/2-1/2"]
[WhiteElo "2352"]
[BlackElo "2420"]
[PlyCount "115"]
[EventDate "2008.07.30"]

1. e4 c5 2. Nf3 d6 3. d4 cxd4 4. Nxd4 Nf6 5. Nc3 g6 6. Be3 Bg7 7. f3 O-O 8. Qd2
Nc6 9. O-O-O d5 10. Kb1 Rb8 11. Ndb5 a6 12. Na7 e6 13. Nxc8 Rxc8 14. exd5 Nxd5
15. Nxd5 exd5 16. Qxd5 Qxd5 17. Rxd5 Nb4 18. Rc5 Rce8 19. Bd2 Rd8 20. Bd3 Nxd3
21. cxd3 Rxd3 22. Kc2 Rd7 23. Bb4 Rfd8 24. Rc4 b6 25. Kb1 a5 26. Bc3 b5 27. Rc5
Bxc3 28. Rxc3 Kg7 29. Kc1 h5 30. Re1 h4 31. b3 Rd2 32. Rc2 R2d3 33. Re5 Rd1+
34. Kb2 R8d5 35. Rxd5 Rxd5 36. Re2 Rc5 37. Rc2 Rf5 38. Rc3 Kf6 39. Kc2 Rg5 40.
g3 hxg3 41. f4 Rh5 42. hxg3 Rh2+ 43. Kb1 Rg2 44. Rc5 Rxg3 45. Rxb5 Rf3 46. Rxa5
Rxf4 47. a4 g5 48. Ra8 Kg7 49. a5 g4 50. Rd8 Rb4 51. Kc2 Rb5 52. Rd4 f5 53. a6
Rb8 54. a7 Ra8 55. Ra4 g3 56. Kd3 g2 57. Ra1 Kf6 58. Rg1 1/2-1/2

[Event "Olomouc 2008 - IM - C"]
[Site "?"]
[Date "2008.08.01"]
[Round "4.1"]
[White "Pochinkov, Andrey"]
[Black "Stets, Dmitry"]
[Result "1/2-1/2"]
[WhiteElo "2167"]
[BlackElo "2420"]
[PlyCount "88"]
[EventDate "2008.07.30"]

1. Nf3 Nf6 2. b3 g6 3. Bb2 Bg7 4. g3 O-O 5. Bg2 c5 6. c4 Nc6 7. O-O d6 8. d3 e5
9. Nc3 Ne8 10. e4 Nc7 11. Qd2 Rb8 12. Kh1 a6 13. Ne1 b5 14. Nc2 bxc4 15. dxc4
Nd4 16. Ne3 h5 17. f4 Bh6 18. Ncd5 Nxd5 19. Nxd5 Be6 20. Qd3 Bxd5 21. cxd5 Qb6
22. f5 Qb5 23. Qd1 Qe2 24. Qxe2 Nxe2 25. Rf2 Nd4 26. fxg6 fxg6 27. Rxf8+ Bxf8
28. Bc3 Be7 29. Bf1 Ra8 30. Ba5 Rf8 31. Kg2 Nc2 32. Rc1 Ne3+ 33. Kg1 Bg5 34.
Bd2 Bh6 35. Re1 Ng4 36. Bxh6 Nxh6 37. Bh3 Rf3 38. Re2 Kg7 39. Be6 a5 40. Kg2
Rc3 41. Kf2 g5 42. Re3 Rc2+ 43. Re2 Rc1 44. Re1 Rc2+ 1/2-1/2

[Event "Olomouc 2008 - IM - C"]
[Site "?"]
[Date "2008.08.01"]
[Round "4.2"]
[White "Skinke, Katrina"]
[Black "Jurcik, Martin"]
[Result "0-1"]
[WhiteElo "2197"]
[BlackElo "2352"]
[PlyCount "66"]
[EventDate "2008.07.30"]

1. e4 c5 2. Nf3 d6 3. d4 cxd4 4. Nxd4 Nf6 5. Nc3 a6 6. Be3 e5 7. Nb3 Be7 8. f3
Be6 9. Qd2 Nbd7 10. g4 Nb6 11. g5 Nfd7 12. O-O-O Qc7 13. f4 exf4 14. Bxf4 Ne5
15. Nd5 Nxd5 16. exd5 Bg4 17. Be2 Bxe2 18. Qxe2 O-O 19. h4 Rfe8 20. Qd2 Qc4 21.
Rh3 Ng6 22. Be3 a5 23. Qd3 Qg4 24. Rhh1 a4 25. Nd4 Bf8 26. Nb5 Ne5 27. Qd4 Qd7
28. Na3 b5 29. Qb4 Rab8 30. Bf4 Nc4 31. b3 axb3 32. axb3 Rbc8 33. Rd4 Qa7 0-1

[Event "Olomouc 2008 - IM - C"]
[Site "?"]
[Date "2008.08.01"]
[Round "4.3"]
[White "Beil, Martin"]
[Black "Rosko, Lubos"]
[Result "0-1"]
[WhiteElo "2208"]
[BlackElo "2387"]
[PlyCount "50"]
[EventDate "2008.07.30"]

1. e4 c5 2. Nf3 d6 3. d4 cxd4 4. Nxd4 Nf6 5. Nc3 a6 6. Bg5 e6 7. f4 Qb6 8. Qd2
Qxb2 9. Rb1 Qa3 10. Be2 Nbd7 11. O-O Be7 12. Kh1 O-O 13. e5 dxe5 14. fxe5 Nxe5
15. Rb3 Qa5 16. Qf4 Ng6 17. Qg3 Nh5 18. Bxh5 Qxg5 19. Qxg5 Bxg5 20. Ne4 Be7 21.
Rc3 Rd8 22. Nf3 Nf4 23. Rc7 Nd5 24. Bxf7+ Kxf7 25. Ne5+ Kg8 0-1

[Event "Olomouc 2008 - IM - C"]
[Site "?"]
[Date "2008.08.01"]
[Round "4.4"]
[White "Semcesen, Daniel"]
[Black "Biolek, Richard"]
[Result "1/2-1/2"]
[WhiteElo "2387"]
[BlackElo "2434"]
[PlyCount "66"]
[EventDate "2008.07.30"]

1. d4 d6 2. c4 e5 3. dxe5 dxe5 4. Qxd8+ Kxd8 5. Nc3 c6 6. Nf3 f6 7. g3 Be6 8.
b3 Nd7 9. Bg2 g6 10. Bb2 Nh6 11. O-O-O Nf7 12. Ne1 Kc7 13. Nd3 Nc5 14. h3 Nxd3+
15. Rxd3 Be7 16. h4 h5 17. Kc2 Rhd8 18. Rhd1 Rxd3 19. Rxd3 Rd8 20. Rxd8 Kxd8
21. Bc1 Bc5 22. e3 f5 23. Bd2 e4 24. Ne2 Ne5 25. Nf4 Be7 26. Bf1 Ng4 27. Nh3
Bd6 28. Kd1 Kd7 29. Be1 c5 30. Be2 a6 31. Nf4 Kc6 32. a4 b6 33. Kc2 Be5 1/2-1/2

[Event "Olomouc 2008 - IM - C"]
[Site "?"]
[Date "2008.08.01"]
[Round "4.5"]
[White "Klecker, Tadeas"]
[Black "Biolek, Richard Jr"]
[Result "1/2-1/2"]
[WhiteElo "2162"]
[BlackElo "2354"]
[PlyCount "104"]
[EventDate "2008.07.30"]

1. d4 Nc6 2. Nf3 d6 3. e4 e5 4. dxe5 Nxe5 5. Nxe5 dxe5 6. Qxd8+ Kxd8 7. Bc4 f6
8. Be3 c6 9. a4 Kc7 10. O-O Ne7 11. f4 Ng6 12. f5 Ne7 13. b4 Bd7 14. Nc3 Nc8
15. Rfb1 Nd6 16. Bd3 g6 17. fxg6 hxg6 18. b5 Bh6 19. b6+ axb6 20. Bxb6+ Kb8 21.
a5 Bd2 22. Nd1 Nc8 23. a6 Nxb6 24. Rxb6 Bc8 25. Rab1 Ra7 26. Rxc6 Rf8 27. Bc4
Ba5 28. Rc5 Bd8 29. Ne3 f5 30. Nd5 fxe4 31. Nb4 Bb6 32. Nc6+ Kc7 33. Rxb6 Kxb6
34. Nxa7 Kxc5 35. Nxc8 Rxc8 36. axb7 Rb8 37. Ba6 Kb6 38. Bc4 Rxb7 39. Bd5 Rg7
40. Bxe4 Kc5 41. c3 Kc4 42. Kf2 Kxc3 43. Ke3 Kc4 44. h4 Kc5 45. g4 Kd6 46. Kf3
Rf7+ 47. Kg3 Rg7 48. g5 Ke6 49. Kg4 Ke7 50. h5 gxh5+ 51. Kxh5 Ke6 52. Kh6 Re7
1/2-1/2

[Event "Olomouc 2008 - IM - C"]
[Site "?"]
[Date "2008.08.01"]
[Round "4.6"]
[White "Kireev, Aleksei"]
[Black "Shilov, Sergej"]
[Result "0-1"]
[WhiteElo "2387"]
[BlackElo "2255"]
[PlyCount "50"]
[EventDate "2008.07.30"]

1. e4 g6 2. g3 d5 3. d3 Bg7 4. Bg2 dxe4 5. dxe4 Qxd1+ 6. Kxd1 Nc6 7. Nd2 Nf6 8.
f3 Nd7 9. Nh3 Nc5 10. Nb3 Nxb3 11. axb3 f5 12. Nf2 Be6 13. Bf4 Bxb2 14. Rb1
O-O-O+ 15. Nd3 Bc3 16. Bd2 Bg7 17. f4 fxe4 18. Bxe4 Bg4+ 19. Kc1 Nd4 20. c3 Bf3
21. Bxf3 Nxf3 22. Kc2 Rxd3 23. Kxd3 Rd8+ 24. Ke3 Nxd2 25. Ra1 Bxc3 0-1

[Event "Olomouc 2008 - IM - C"]
[Site "?"]
[Date "2008.08.02"]
[Round "5.1"]
[White "Shilov, Sergej"]
[Black "Pochinkov, Andrey"]
[Result "0-1"]
[WhiteElo "2255"]
[BlackElo "2167"]
[PlyCount "66"]
[EventDate "2008.07.30"]

1. e4 e6 2. d4 d5 3. Nc3 Bb4 4. Nge2 dxe4 5. a3 Be7 6. Nxe4 Nc6 7. Be3 Nf6 8.
f3 e5 9. Nxf6+ Bxf6 10. d5 Ne7 11. Nc3 Nf5 12. Bf2 O-O 13. Ne4 Be7 14. Qd2 Nd6
15. c4 b6 16. h4 c6 17. dxc6 Qc7 18. Nxd6 Bxd6 19. O-O-O Be7 20. Bd3 Qxc6 21.
Qc2 f5 22. Kb1 Be6 23. Rhe1 Bf6 24. Bg3 Rac8 25. Bxe5 Bxh4 26. g3 Bf6 27. f4 g6
28. Bxf6 Rxf6 29. Qc3 Rf7 30. Re5 Rd7 31. Rde1 Bf7 32. c5 Qf3 33. R1e3 Qd1+ 0-1

[Event "Olomouc 2008 - IM - C"]
[Site "?"]
[Date "2008.08.02"]
[Round "5.2"]
[White "Biolek, Richard Jr"]
[Black "Kireev, Aleksei"]
[Result "0-1"]
[WhiteElo "2354"]
[BlackElo "2387"]
[PlyCount "52"]
[EventDate "2008.07.30"]

1. e4 d6 2. d4 e5 3. Ne2 exd4 4. Nxd4 Nf6 5. Nc3 Be7 6. h3 O-O 7. Be3 Re8 8. g4
d5 9. g5 Nxe4 10. Nxe4 dxe4 11. Bc4 Nd7 12. Qe2 Ne5 13. O-O-O Bd7 14. h4 Bg4
15. f3 exf3 16. Qf1 Qc8 17. Bf2 c6 18. Bb3 c5 19. Nb5 a6 20. Na3 b5 21. Bd5 Rb8
22. Bg3 Qf5 23. Re1 Bd6 24. Kb1 Nc4 25. Nxc4 Bxg3 26. Ne3 Qf4 0-1

[Event "Olomouc 2008 - IM - C"]
[Site "?"]
[Date "2008.08.02"]
[Round "5.3"]
[White "Biolek, Richard"]
[Black "Klecker, Tadeas"]
[Result "1-0"]
[WhiteElo "2434"]
[BlackElo "2162"]
[PlyCount "87"]
[EventDate "2008.07.30"]

1. e4 d6 2. f4 g6 3. Nf3 Bg7 4. d4 c5 5. d5 e6 6. Bb5+ Bd7 7. Bxd7+ Qxd7 8. Nc3
Ne7 9. O-O O-O 10. Re1 b5 11. e5 dxe5 12. d6 b4 13. dxe7 Qxe7 14. Na4 exf4 15.
Bxf4 Rd8 16. Qe2 Nc6 17. Bg5 Bf6 18. Bxf6 Qxf6 19. Rad1 Nd4 20. Nxd4 Rxd4 21.
Qf3 Qxf3 22. gxf3 Rad8 23. Rxd4 Rxd4 24. Kf2 Rd2+ 25. Re2 Rd1 26. Nxc5 Ra1 27.
Nd3 Rxa2 28. b3 a5 29. Ke3 Kg7 30. c4 Ra3 31. Rb2 f5 32. Kd4 Kf6 33. Kc5 e5 34.
Kb5 e4 35. fxe4 fxe4 36. Nc5 Kf5 37. Rf2+ Ke5 38. Re2 Kf5 39. Rxe4 Rxb3 40.
Nxb3 Kxe4 41. Nxa5 Ke5 42. c5 h5 43. c6 Kd6 44. Kb6 1-0

[Event "Olomouc 2008 - IM - C"]
[Site "?"]
[Date "2008.08.02"]
[Round "5.4"]
[White "Rosko, Lubos"]
[Black "Semcesen, Daniel"]
[Result "0-1"]
[WhiteElo "2387"]
[BlackElo "2387"]
[PlyCount "106"]
[EventDate "2008.07.30"]

1. d4 f5 2. e4 fxe4 3. Nc3 Nf6 4. Bg5 Nc6 5. d5 Ne5 6. Qe2 Nf7 7. h4 c6 8.
O-O-O cxd5 9. Nxd5 e6 10. Bxf6 gxf6 11. Qxe4 Bh6+ 12. Ne3 f5 13. Qb4 Qe7 14.
Qb3 O-O 15. Nf3 b6 16. Bb5 a6 17. Be2 b5 18. g4 fxg4 19. Rhg1 Kh8 20. Rxg4 Qf6
21. Ng5 Ne5 22. Ne4 Qe7 23. Qc3 Bg7 24. Rxg7 Qxg7 25. Rf1 d5 26. Ng3 Nc4 27.
Qxg7+ Kxg7 28. Nh5+ Kh8 29. Ng4 e5 30. Ngf6 Be6 31. b3 Nd6 32. Rd1 Rad8 33. Bg4
Bxg4 34. Nxg4 Ne4 35. Nxe5 Rxf2 36. Nd3 Rh2 37. Nhf4 Rc8 38. Ne1 Nc3 39. Rd3
Nxa2+ 40. Kb2 Nb4 41. Rg3 Nxc2 42. Nf3 Rf2 43. Nd3 Re2 44. Nf4 Re4 45. Nxd5 Nd4
46. Ng5 Re2+ 47. Ka3 Rf8 48. Kb4 Re5 49. Nc7 h6 50. Nh3 Nc6+ 51. Kc3 a5 52. Ng1
Rc8 53. Na6 Nb4+ 0-1

[Event "Olomouc 2008 - IM - C"]
[Site "?"]
[Date "2008.08.02"]
[Round "5.5"]
[White "Jurcik, Martin"]
[Black "Beil, Martin"]
[Result "1/2-1/2"]
[WhiteElo "2352"]
[BlackElo "2208"]
[PlyCount "51"]
[EventDate "2008.07.30"]

1. e4 c5 2. Nf3 e6 3. d4 cxd4 4. Nxd4 a6 5. Nc3 Qc7 6. g3 Nf6 7. Bg2 Be7 8. O-O
d6 9. a4 O-O 10. f4 Nbd7 11. g4 Rd8 12. g5 Ne8 13. f5 Ne5 14. Bh3 d5 15. exd5
Bc5 16. Kh1 exd5 17. Bg2 Bxd4 18. Qxd4 Nc6 19. Qh4 Qa5 20. g6 hxg6 21. fxg6
fxg6 22. Bg5 Rd6 23. Bf4 Rd8 24. Bg5 Rd6 25. Bf4 Rd8 26. Bg5 1/2-1/2